000 00689nam a2200289Ia 4500
005 20260324134838.0
008 008 260324s9999 xx 000 0 eng d
020 _a9780203223666
037 _aEBOOK
040 _aCRL
040 _beng
040 _cCRL
041 _2eng
041 _aeng
084 _qCRL
100 _aPamela Sharpe
_91198385
245 0 _aWomen, Gender and Labour Migration
245 0 _bHistorical and Cultural Perspectives
260 _bTaylor and Francis
260 _c2001
365 _a
365 _b230
856 _uhttp://www.taylorfrancis.com/books/9780203223666
942 _cEBOOK
999 _c1798847
_d1798847